Poder y participación locales: mayor calidad para la democracia municipal /
Gorde:
| Egile nagusia: | |
|---|---|
| Formatua: | Texto |
| Gaiak: | |
| Etiketak: |
Etiketa erantsi
Etiketarik gabe, Izan zaitez lehena erregistro honi etiketa jartzen!
|
MARC
| LEADER | 00000 a a2200000 04500 | ||
|---|---|---|---|
| 001 | 8213 | ||
| 003 | |||
| 040 | |||
| 100 | |a Cortés Quirós, Cecilia | ||
| 245 | |a Poder y participación locales: |b mayor calidad para la democracia municipal / |c Cecilia Cortés Quirós | ||
| 650 | |a GOBIERNO LOCAL | ||
| 650 | |a DESCENTRALIZACION | ||
| 650 | |a PARTICIPACION COMUNITARIA | ||
| 773 | |g volumen 5, número 4; páginas 28-30 | ||
| 999 | |c 26273 |d 26273 | ||
